000 00603nam a2200181Ia 4500
999 _c23224
_d23224
003 OSt
005 20200515090754.0
008 190216s9999||||xx |||||||||||||| ||und||
020 _a978818563812
040 _coclc
082 _a297.2720954
_bKHA/I
100 _aKhan, Maulana Wahiduddin
_92282
245 0 _aIndian Muslims:
_b The Need For A Positive Outlook /
_cMaulana Wahiduddin Khan
260 _bGood Word Books,
_c2010.
_a New Delhi:
300 _a191p
650 0 _aHistory & geography
_vIslamic History
_92271
942 _cBK
_2ddc
_h297.2720954
_iKHA/I
_k297.2720954
_mKHA/I